OPAC Home

ඉඩම් සහ සේවා නියුක්තිය පිළිබඳ දේශන (Record no. 109385)

MARC details
000 -LEADER
fixed length control field 00478nam a2200157Ia 4500
003 - CONTROL NUMBER IDENTIFIER
control field LK-CoDNM
008 - FIXED-LENGTH DATA ELEMENTS--GENERAL INFORMATION
fixed length control field 010623t1974 xxu||||| |||| 00| 1 sin d
040 ## - CATALOGING SOURCE
Original cataloging agency LK-CoDNM
Modifying agency LK-CoDNM
Description conventions LK-CoDNM
041 ## - LANGUAGE CODE
Language code of text/sound track or separate title Sinhala; Sinhalese
080 ## - UNIVERSAL DECIMAL CLASSIFICATION NUMBER
Universal Decimal Classification number (X)333.331
942 ## - ADDED ENTRY ELEMENTS (KOHA)
Koha item type Books
245 ## - TITLE STATEMENT
Title ඉඩම් සහ සේවා නියුක්තිය පිළිබඳ දේශන
246 ## - VARYING FORM OF TITLE
Title proper/short title Edaum Saha Sewa Niukthiya Pilibada Deshana
260 ## - PUBLICATION, DISTRIBUTION, ETC. (IMPRINT)
Name of publisher, distributor, etc. Marga
Place of publication, distribution, etc. Colombo
Date of publication, distribution, etc. 1974
300 ## - PHYSICAL DESCRIPTION
Other physical details 122p.;21 cm cm
Holdings
Withdrawn status Lost status Damaged status Not for loan Collection code Permanent Location Current Location Date acquired Full call number Barcode Koha item type
        Monographs Library National Museum Colombo - Sri Lanka Library National Museum Colombo - Sri Lanka 2023-08-02 (X)333.331 113097 Books
Copyright © 2023 Department of National Museum, Colombo 07, Sri Lanka Funded by UNESCO IFAP UNESCO